|
|
|
|
| LEADER |
00000nkm a2200000 a 4500 |
| 001 |
vtls011982832 |
| 003 |
SK-MaSNL |
| 005 |
20260301145655.0 |
| 007 |
kf ao |
| 008 |
231120q1925 xo g kuslo |
| 015 |
|
|
|a SNBG1925
|
| 035 |
|
|
|a urn:nbn:sk:snk-km00eig6
|
| 035 |
|
|
|a urn:nbn:sk:snk-km45x0y
|
| 035 |
|
|
|a F480D566-D2D0-46C8-8D93-78A4EDBA5881
|
| 040 |
|
|
|a SNK
|b slo
|c SNK
|e AACR2
|
| 041 |
0 |
|
|a slo
|
| 043 |
|
|
|a e-xo---
|
| 044 |
|
|
|a xo
|c SK
|
| 072 |
|
7 |
|a 913
|x Regionálna geografia
|2 konspekt
|
| 080 |
|
|
|a 913(437.6)
|2 2011
|
| 080 |
|
|
|a 728.82
|2 2011
|
| 080 |
|
|
|a (084.121)
|2 2011
|
| 080 |
|
|
|a 904
|2 2011
|
| 245 |
0 |
0 |
|a Žilina
|h grafika
|b Hrad Budatin
|
| 260 |
|
|
|a Žilina
|b L. Biel, knihk.
|c [1925?]
|
| 300 |
|
|
|a 1 pohľadnica
|b tónovaná do zelena
|c 10 x 14 cm
|
| 520 |
8 |
|
|a Zobrazenie: Pohľad v bielom orámovaní na Budatínsky zámok. Vľavo vidno korunu mohutného listnatého stromu. Vpravo v pozadí vidno na okraji snímky kríky. V popredí je vysoká tráva pred múrom okolo zámku
|
| 610 |
2 |
7 |
|a Budatínsky zámok (Žilina, Slovensko)
|2 SNKKA
|9 171940
|
| 650 |
0 |
7 |
|a zámky
|2 SNKPH
|9 3041
|
| 650 |
0 |
7 |
|a kultúrne pamiatky
|2 SNKPH
|9 2862
|
| 650 |
0 |
7 |
|a historické pamiatky
|2 SNKPH
|9 75346
|
| 650 |
0 |
7 |
|a pamätihodnosti
|2 SNKPH
|9 58337
|
| 651 |
|
7 |
|a Budatín (Žilina, Slovensko)
|2 SNKPHgeo
|9 81749
|
| 651 |
|
7 |
|a Žilina (Slovensko)
|2 SNKPHgeo
|9 28812
|
| 655 |
|
7 |
|a miestne pohľadnice
|2 SNKPH
|9 70510
|
| 852 |
|
|
|a Slovenská národná knižnica
|
| 954 |
|
|
|a pohľadnice pôvodné (slovenské)
|2 lita
|
| 958 |
|
|
|a GC
|
| 958 |
|
|
|a GBN
|
| 958 |
|
|
|a OND
|
| 958 |
|
|
|a EUIPO
|
| 999 |
|
|
|c 780950
|d 782880
|
| 952 |
|
|
|a SNK
|b SNK
|y PREZ
|7 0
|p 17A1381324
|o snkSP 113874
|z Pohľadnica prešla poštou.
|0 0
|1 0
|4 0
|d 2020-07-20
|f 1
|l 0
|r 2026-02-24 01:04:06
|w 2026-02-24
|